Faktoring a forfaiting z pohľadu daní a účtovníctva

Vymedzenie pojmov faktoring a forfaiting. Faktoring a forfaiting v účtovníctve. Faktoring a forfaiting v zákone o dani z príjmov a v zákone o DPH. Praktické príklady.

Na minha lista:
Detalhes bibliográficos
Autor principal: Dobšovič, Dušan
Formato: Capítulo de Livro
Idioma:eslovaco
Assuntos:
Tags: Adicionar Tag
Sem tags, seja o primeiro a adicionar uma tag!

MARC

LEADER 00000naa$a2200000$$$4500
001 0044785
005 20231109114233.1
041 0 |a slo 
044 |a SK 
245 1 0 |a Faktoring a forfaiting z pohľadu daní a účtovníctva  |c Dušan Dobšovič 
520 |a Vymedzenie pojmov faktoring a forfaiting. Faktoring a forfaiting v účtovníctve. Faktoring a forfaiting v zákone o dani z príjmov a v zákone o DPH. Praktické príklady. 
610 2 0 |a dane z príjmov 
610 2 0 |a faktoring 
610 2 0 |a forfaiting 
610 2 0 |a účtovníctvo 
610 2 0 |a pojmy 
610 2 0 |a dane z hodnoty pridanej 
100 1 |a Dobšovič, Dušan